00637nam a2200181 i 450000100060000000300090000600500170001500700030003200800410003510000240007624500870010026000380018730000350022550000360026085200210029699900170031795201210033494551ES-MaACL20230906181515.0t|050506s1930 it ||||1| ita d1 aLoria, Gino.97420810aCurve piane speciali algebriche e trascendenti b: teoria e storia / cGino Loria. aMilano : bUlrico Hoepli, c1930. aXVI, 574 p. : bil. ; c25 cm. aV.I. Contiene Curve algebriche. aES-MaACLjD-8719 c94551d94551 00104070aATENEOMbATENEOMcSVId2008-01-17eSCl0oD-8719p901098749r2023-02-23 00:00:00w2023-02-23yMONOGRAFIA